000 00311nam a22001337a 4500
008 170526b xxu||||| |||| 00| 0 eng d
020 _a3446131450
041 _ager
080 _a621
100 _a27
101 _aIM
245 _aENERGIEUMWANDLUNG IN KRAFT-UND ARBEITSMASCHINEN
_cKALIDE,W
942 _2udc
_cBK
999 _c14494
_d14494